Statistics for Which player ? 3

Click here to take the quiz!

General Stats

  • This quiz has been taken 14 times
  • The average score is 3 of 10

Answer Stats

DifficultiesTeamsPlayers% Correct
EASYHomburg, Kaiserslauten, Werder Bremen, Bayern Munich, Lazio RomeMiroslav Klose
83%
EASYCannes, Ac Milan, Arsenal, Juventus, Inter Milan, Manchester CityPatrick Vieira
67%
EASYAjax, Juventus, Fulham, Manchester UnitedEdwin Van de Sar
50%
MEDIUMRiver Plate, Barcelona, Monaco(loan), Sevilla(loan), Real Madrid, Benfica, Malaga, Olympiacos, Verona, River Plate, EncampJavier Saviola
33%
MEDIUMLens, Sevilla, Monaco, Inter Milan, Valencia, Atletico MadridGeoffrey Kondogbia
25%
MEDIUMToulouse, Tottenham Hotspur, Watford, VilarrealEtienne Capoue
17%
MEDIUMRenato Curi, Chieti, Perugia, Palermo, Inter Milan, Lyon, JuventusFabio Grosso
17%
HARDFluminense, Arsenal, Levante, Real Murcia, Almeria, Bolton Wanderers, Fluminense Internacional, Gamba OsakaWellington Silva
17%
HARDGenoa, MonacoPietro Pellegri
8%
HARDAtletico Madrid, Borussia MochengladbachAlvaro Dominguez
0%

Score Distribution

Percentile by Number Answered

Percent of People with Each Score

Your Score History

You have not taken this quiz